Slovenský beh na mieste

Podnikateľské prostredie, podnikanie na Slovensku (poradie v rebríčku Doing Business, každoročne zhotovovanom Svetovou bankou). Zlepšenie podmienok podnikania pomohlo Slovensku neklesnúť v globálnej konkurencii.

Guardado en:
Detalles Bibliográficos
Autor principal: Morháčová, Jana
Formato: Capítulo de libro
Lenguaje:eslovaco
Materias:
Etiquetas: Agregar Etiqueta
Sin Etiquetas, Sea el primero en etiquetar este registro!

MARC

LEADER 00000naa a2200000 4500
001 0161694
005 20231113080550.6
041 0 |a slo 
044 |a SK 
245 1 0 |a Slovenský beh na mieste  |c Jana Morháčová 
520 |a Podnikateľské prostredie, podnikanie na Slovensku (poradie v rebríčku Doing Business, každoročne zhotovovanom Svetovou bankou). Zlepšenie podmienok podnikania pomohlo Slovensku neklesnúť v globálnej konkurencii. 
610 2 0 |a podnikanie 
610 2 0 |a prostredie podnikateľské 
610 2 0 |a Slovensko 
100 1 |a Morháčová, Jana